000 00597nam a2200193 a 4500
005 20140310183212.0
008 030509s19uu xx 00 eng d
020 _a185346869X
050 _aRJ 496.S7
_b.H625 2002
245 _aHow to manage communication problems in young children /
_cedited by Myra Kersner.
260 _aLondon :
_bDavid Fulton Pub.,
_c2002.
300 _a129 p. :
_c24 cm.
521 _aEDU
650 _aSpeech disorders in children.
650 _aSpeech theraphy for children.
650 _aLanguage disorders in children.
942 _cBK
_2lcc
_kFOR
999 _c20153
_d20153